Les meilleurs joueurs français dans ces sports. - Statistiques

Statistiques générales
  • Ce quiz a été pris 195 fois
  • Le résultat moyen est 10 sur 15
Statistiques - réponses
Sport Années de carrière Joueurs % Correct
Football 1988-2006 Zinédine Zidane
98%
Rugby 2014- Antoine Dupont
93%
Basket-ball 1999-2019 Tony Parker
91%
Judo 2005- Teddy Riner
90%
Tennis 1978-1996 Yannick Noah
88%
Natation 2019- Léon Marchand
86%
Handball 2002-2024 Nikola Karabatic
81%
Rallye 1997- Sébastien Loeb
75%
Formule 1 1980-1993 Alain Prost
67%
100 m 2005-2024 Christophe Lemaître
60%
Volley-ball 2008- Earvin Ngapeth
56%
Cyclisme 1975-1986 Bernard Hinault
51%
Boxe 1933-1949 Marcel Cerdan
26%
Pétanque 1984- Philippe Quintais
12%
Tennis de table 1966-1988 Jacques Secrétin
10%
Aucun quiz correspondant
Distribution des résultats
% des personnes avec chaque résultat
Percentile par nombre de réponses
Votre historique - résultats
Vous n’avez pas pris ce quiz